Vista normal
Vista MARC
Entrada Genre/Form Term
Número de registros utilizados en: 9
001 - CONTROL NUMBER
- control field: 62863
003 - CONTROL NUMBER IDENTIFIER
- control field: OSt
005 - DATE AND TIME OF LATEST TRANSACTION
- control field: 20250821164107.0
008 - FIXED-LENGTH DATA ELEMENTS
- fixed length control field: 250821|| aca||aabn | a|a d
040 ## - CATALOGING SOURCE
- Original cataloging agency: OSt
- Transcribing agency: OSt
155 ## - HEADING--GENRE/FORM TERM
- Genre/form term: Biografías
670 ## - SOURCE DATA FOUND
- Source citation: Work cat.: (OSt)58305: Correa Torres, Pablo, 1978- aut 62860, Rodolfo Llinás la pregunta difícil /